| 000 | 00721nam a22002057a 4500 | ||
|---|---|---|---|
| 005 | 20230320103229.0 | ||
| 008 | 230227b ||||| |||| 00| 0 eng d | ||
| 020 | _a9781445477176 | ||
| 040 | _cAL | ||
| 041 | _aeng | ||
| 082 |
_223 _a791.4375 _bHERG |
||
| 100 |
_aAndrew Heritage _973562 |
||
| 245 | _aGreat movies 100 years of cinema | ||
| 260 |
_aDelhi _bParragon _c2012 |
||
| 300 |
_a320p. _bHB _c26.5x22.5Cm. |
||
| 365 |
_2General _aWORDI/2022/CRB/1323 _b1116.00 _d1594.00 _e30% _f26-08-20023 |
||
| 520 | _aComedy; action and adventure; romance and melodrama; musicals; thrillers and crime; historical; war; family;fantasy SCI-FI and horror; drama. | ||
| 650 |
_2Public Performences _aFilm _973563 |
||
| 942 |
_2ddc _cBK |
||
| 999 |
_c226829 _d226829 |
||